[Event "Mitropa Cup 13th"]
[Site "Leibnitz"]
[Date "1990.??.??"]
[Round "7"]
[White "Zueger, Beat"]
[Black "Palkovi, Jozsef"]
[Result "1/2-1/2"]
[WhiteElo "2425"]
[BlackElo "2460"]
[PlyCount "88"]
[EventDate "1990.09.??"]
[EventType "team-tourn"]
[EventRounds "7"]
[EventCountry "AUT"]
[Source "ChessBase"]
[SourceDate "1991.02.01"]

1. d4 Nf6 2. c4 e6 3. Nf3 c5 4. d5 exd5 5. cxd5 d6 6. Nc3 g6 7. h3 Bg7 8. e4
O-O 9. Bd3 b5 10. Nxb5 Nxe4 11. Bxe4 Re8 12. Nd2 Ba6 13. a4 Qa5 14. Nxd6 Nd7
15. Qc2 f5 16. Nxe8 Rxe8 17. Kd1 fxe4 18. Ra3 Bd3 19. Rxd3 exd3 20. Qxd3 Qxa4+
21. b3 Ne5 22. Qe3 Qd4 23. Qxd4 cxd4 24. Ba3 Nd3 25. Rf1 Nf4 26. d6 Nd5 27. Nc4
d3 28. Ne3 Rxe3 29. fxe3 Nxe3+ 30. Kd2 Nxf1+ 31. Kxd3 Ng3 32. d7 Bf6 33. Bd6
Kf7 34. Bxg3 Ke6 35. Kc4 Kxd7 36. Kb5 Bd4 37. Ka6 Kc8 38. b4 Bb6 39. Bd6 h5 40.
g4 hxg4 41. hxg4 Be3 42. Kb5 Kb7 43. Bc5 Bxc5 44. Kxc5 g5 1/2-1/2

[Event "Mitropa Cup 14th"]
[Site "Brno"]
[Date "1991.??.??"]
[Round "1"]
[White "Almasi, Istvan"]
[Black "Kupper, Patrick"]
[Result "1/2-1/2"]
[WhiteElo "2285"]
[BlackElo "2255"]
[PlyCount "181"]
[EventDate "1991.10.??"]
[EventType "team-tourn"]
[EventRounds "7"]
[EventCountry "CZE"]
[Source "ChessBase"]
[SourceDate "1992.02.01"]

1. e4 e6 2. d4 d5 3. Nc3 Bb4 4. e5 Qd7 5. Qg4 f5 6. Qg3 b6 7. Nh3 Nc6 8. Be3
Bb7 9. Nf4 O-O-O 10. Bb5 Qf7 11. O-O Bxc3 12. bxc3 Na5 13. Bc1 Ne7 14. Ba3 Rhg8
15. Qg5 Nec6 16. Rad1 Kb8 17. Rfe1 a6 18. Be2 Ka7 19. Bf1 Rge8 20. c4 Nxc4 21.
Bxc4 dxc4 22. d5 Rxd5 23. Nxd5 exd5 24. Bb2 Nd8 25. a4 Ne6 26. Qe3 a5 27. f3 g5
28. Rb1 f4 29. Qf2 h5 30. Bc3 c5 31. Qd2 Qc7 32. Rb5 Bc6 33. Reb1 Bxb5 34. axb5
Qb7 35. Bxa5 bxa5 36. Qxa5+ Kb8 37. b6 Rc8 38. Qb5 Rc6 39. c3 Nf8 40. Ra1 Qxb6
41. Qa4 Qb7 42. Qc2 Ra6 43. Re1 Rb6 44. Qf5 Ne6 45. Qg6 h4 46. Ra1 Qe7 47. Qg8+
Qf8 48. Qh7 Qg7 49. Qc2 Qf7 50. Qa4 Qb7 51. Qe8+ Kc7 52. Qf7+ Kc8 53. Qg6 Nd8
54. Qf5+ Kc7 55. h3 Ra6 56. Rb1 Rb6 57. Ra1 Ne6 58. Kh2 Kb8 59. Qg6 Qe7 60. Qc2
Qd7 61. Qg6 Qe7 62. Qg8+ Qf8 63. Qh7 Rb7 64. Qc2 Qe7 65. Ra6 Nc7 66. Rg6 Rb3
67. Rg8+ Kb7 68. Qf5 Qe6 69. Qf8 Ka7 70. Rg7 Qxe5 71. Qxc5+ Kb7 72. Re7 Qxe7
73. Qxe7 Kc6 74. Qxg5 Nb5 75. Qf6+ Kc5 76. Qe7+ Kc6 77. Qxh4 Rxc3 78. Qf6+ Kc5
79. h4 Ra3 80. Qe7+ Kc6 81. Qe8+ Kc5 82. Qf8+ Kc6 83. h5 c3 84. h6 Ra7 85. Qg8
Nd4 86. h7 Rxh7+ 87. Qxh7 c2 88. Qh6+ Kb5 89. Qxf4 Nb3 90. Qf5 c1=Q 91. Qxd5+
1/2-1/2

[Event "Mitropa Cup 14th"]
[Site "Brno"]
[Date "1991.??.??"]
[Round "1"]
[White "Brestian, Egon"]
[Black "Damljanovic, Branko"]
[Result "1/2-1/2"]
[WhiteElo "2475"]
[BlackElo "2585"]
[PlyCount "127"]
[EventDate "1991.10.??"]
[EventType "team-tourn"]
[EventRounds "7"]
[EventCountry "CZE"]
[Source "ChessBase"]
[SourceDate "1992.02.01"]

1. d4 Nf6 2. c4 c5 3. Nf3 g6 4. Nc3 Bg7 5. e4 Qa5 6. Bd3 cxd4 7. Nxd4 d6 8. O-O
O-O 9. Nc2 Nc6 10. Bd2 Qd8 11. Rc1 Nd7 12. Ne3 Nc5 13. Bb1 a6 14. b3 Bd7 15.
Kh1 Rb8 16. f4 b5 17. Qe1 e6 18. Qg3 b4 19. Ne2 f5 20. exf5 gxf5 21. Rcd1 Rf6
22. Bc1 Bc8 23. Qf2 Rg6 24. Ng1 Bb7 25. Nf3 Qf8 26. h3 Rd8 27. Kh2 Ne7 28. Bb2
Bxb2 29. Qxb2 Rg7 30. Nd4 Qf6 31. Qf2 d5 32. cxd5 Nxd5 33. Nxd5 Bxd5 34. Rg1
Bb7 35. Nf3 Rxd1 36. Rxd1 Ne4 37. Bxe4 fxe4 38. Ne1 Rf7 39. Qg3+ Kf8 40. Nc2 a5
41. Nd4 Rd7 42. Qe3 e5 43. fxe5 Qxe5+ 44. Kh1 Ke8 45. Rd2 Qc5 46. Qf4 Qc1+ 47.
Kh2 Qc7 48. Qxc7 Rxc7 49. Nf5 Rd7 50. Rc2 Rd3 51. Rc7 Bd5 52. Ra7 Kf8 53. Rxa5
Kf7 54. g4 Kf6 55. Kg1 Ke5 56. Ne7 Rd1+ 57. Kf2 Rd2+ 58. Ke1 Rd3 59. Nxd5 Rxd5
60. Rxd5+ Kxd5 61. Ke2 Ke5 62. Ke3 Kd5 63. Ke2 Ke5 64. Ke3 1/2-1/2

[Event "Mitropa Cup 14th"]
[Site "Brno"]
[Date "1991.??.??"]
[Round "1"]
[White "Costa, Jean Luc"]
[Black "Fogarasi, Tibor"]
[Result "1-0"]
[WhiteElo "2410"]
[BlackElo "2420"]
[PlyCount "125"]
[EventDate "1991.10.??"]
[EventType "team-tourn"]
[EventRounds "7"]
[EventCountry "CZE"]
[Source "ChessBase"]
[SourceDate "1992.02.01"]

1. d4 Nf6 2. c4 g6 3. Nc3 d5 4. Nf3 Bg7 5. Bg5 dxc4 6. e4 c5 7. d5 b5 8. e5 b4
9. exf6 exf6 10. Qe2+ Kf8 11. Be3 bxc3 12. Bxc5+ Kg8 13. bxc3 Nd7 14. Qxc4 Bb7
15. Bd4 Nb6 16. Qb5 Qxd5 17. Qxd5 Bxd5 18. Bd3 f5 19. Kd2 Bxd4 20. Nxd4 Kg7 21.
f3 Rhc8 22. Rhb1 Na4 23. Rc1 Rab8 24. Rc2 Bc4 25. Bxc4 Rxc4 26. Rac1 Kf6 27.
Nb3 Rd8+ 28. Ke2 Nb6 29. Nd2 Rc5 30. c4 Re8+ 31. Kd3 Rd8+ 32. Ke2 Rdc8 33. Ke3
Nd5+ 34. Kd4 Nf4 35. Nb3 R5c6 36. Ke3 Ne6 37. Kd3 Rd8+ 38. Ke3 f4+ 39. Kf2 Ke5
40. Re2+ Kf5 41. Rec2 g5 42. c5 Rd5 43. Rc4 h5 44. h3 g4 45. hxg4+ hxg4 46.
fxg4+ Kxg4 47. g3 Rd3 48. gxf4 Rf3+ 49. Ke2 Nxf4+ 50. Kd2 Kg3 51. R1c3 Ne6 52.
Rxf3+ Kxf3 53. Kd3 Kg3 54. Ke4 Nc7 55. Nd4 Rg6 56. Ke5 Kf2 57. Rc3 Ra6 58. Rf3+
Kg2 59. Rxf7 Ne8 60. Ne6 Rxa2 61. Rf8 Re2+ 62. Kd5 Rd2+ 63. Kc6 1-0

[Event "Mitropa Cup 14th"]
[Site "Brno"]
[Date "1991.??.??"]
[Round "1"]
[White "Djuric, Stefan"]
[Black "Weinzettl, Ernst"]
[Result "1-0"]
[WhiteElo "2535"]
[BlackElo "2285"]
[Annotator "Knaak,R"]
[PlyCount "41"]
[EventDate "1991.10.??"]
[EventType "team-tourn"]
[EventRounds "7"]
[EventCountry "CZE"]
[Source "ChessBase"]
[SourceDate "1992.02.01"]

1. e4 e6 2. d4 d5 3. e5 c5 4. c3 Qb6 5. Nf3 Bd7 6. Be2 Bb5 7. c4 Bxc4 8. Bxc4
Qb4+ 9. Nbd2 dxc4 10. a3 Qb5 11. O-O Nc6 12. dxc5 Rd8 $2 (12... Bxc5 13. Qe2
Nge7 14. b4 Nd4 15. Nxd4 Bxd4 16. Nxc4 O-O $10 {Stean-Forintos/Moskva/1975/i20/
222}) 13. Qe2 Nd4 $4 (13... Bxc5 14. Nxc4 $16 {/\ Nd6}) 14. Nxd4 Rxd4 15. b4 $1
$18 Nh6 16. Bb2 Rd3 17. Rac1 Qd7 18. Nxc4 Rd5 19. Rfd1 Nf5 20. Nd6+ Bxd6 21.
Rxd5 1-0

[Event "Mitropa Cup 14th"]
[Site "Brno"]
[Date "1991.??.??"]
[Round "1"]
[White "Sokolov, Ivan"]
[Black "Hoelzl, Franz"]
[Result "1-0"]
[WhiteElo "2570"]
[BlackElo "2385"]
[Annotator "Schussler"]
[PlyCount "53"]
[EventDate "1991.10.??"]
[EventType "team-tourn"]
[EventRounds "7"]
[EventCountry "CZE"]
[Source "ChessBase"]
[SourceDate "1992.02.01"]

1. d4 Nf6 2. c4 c5 3. d5 a6 4. Qc2 {4.a4 e6 (or 4. - e5).} (4. Nc3 b5 5. cxb5
axb5 6. Nxb5 e6 7. Nc3 exd5 8. Nxd5 Bb7 (8... Nxd5 9. Qxd5 Nc6 $13) 9. Nxf6+
Qxf6 10. Nf3 Be7 11. e3 $10) 4... e5 5. e4 Bd6 {The snake variation.} 6. Nc3
Bc7 7. Bd3 d6 8. Nge2 Nh5 {8. - Ba5, 8. - Nbd7.} 9. h4 Qf6 10. Bg5 Qg6 11. Rg1
h6 12. Be3 Qf6 13. O-O-O Nf4 14. Nxf4 exf4 15. e5 $1 $16 Qxh4 16. g3 fxg3 17.
Rxg3 Nd7 18. e6 Ne5 19. Rxg7 Kf8 20. Rdg1 $18 Bd8 21. f4 Bf6 22. fxe5 Bxg7 23.
Rxg7 Kxg7 24. Qg2+ Kf8 25. Qf3 f6 26. exf6 Rg8 27. Qf4 1-0

[Event "Mitropa Cup 14th"]
[Site "Brno"]
[Date "1991.??.??"]
[Round "1"]
[White "Varga, Zoltan"]
[Black "Zueger, Beat"]
[Result "1/2-1/2"]
[WhiteElo "2400"]
[BlackElo "2430"]
[PlyCount "43"]
[EventDate "1991.10.??"]
[EventType "team-tourn"]
[EventRounds "7"]
[EventCountry "CZE"]
[Source "ChessBase"]
[SourceDate "1992.02.01"]

1. e4 e6 2. d4 d5 3. Nc3 Nf6 4. Bg5 Be7 5. e5 Nfd7 6. Bxe7 Qxe7 7. f4 O-O 8.
Nf3 c5 9. Qd2 Nc6 10. O-O-O Nb6 11. Qe3 cxd4 12. Nxd4 Nxd4 13. Qxd4 Bd7 14. Kb1
Rfc8 15. h4 Nc4 16. Bd3 a5 17. Ne2 a4 18. a3 Na5 19. h5 Rc5 20. Rh3 Bb5 21. Qb4
Bxd3 22. Rhxd3 1/2-1/2

[Event "Mitropa Cup 14th"]
[Site "Brno"]
[Date "1991.??.??"]
[Round "1"]
[White "Vokac, Marek"]
[Black "Luther, Thomas"]
[Result "1-0"]
[WhiteElo "2440"]
[BlackElo "2495"]
[PlyCount "73"]
[EventDate "1991.10.??"]
[EventType "team-tourn"]
[EventRounds "7"]
[EventCountry "CZE"]
[Source "ChessBase"]
[SourceDate "1992.02.01"]

1. d4 Nf6 2. c4 e6 3. Nf3 d5 4. Nc3 Bb4 5. cxd5 exd5 6. Bg5 Nbd7 7. Nd2 c6 8.
e3 O-O 9. Qc2 Re8 10. Bd3 Nf8 11. a3 Bd6 12. O-O-O a5 13. Kb1 Be7 14. h3 Ne4
15. Bxe7 Nxc3+ 16. Qxc3 Qxe7 17. Nb3 Qf6 18. Qc2 b6 19. g4 Bd7 20. Rhg1 Rac8
21. Bf5 Qd6 22. Nd2 c5 23. dxc5 Rxc5 24. Ne4 Rxe4 25. Qxe4 Bb5 26. Qf4 Qc6 27.
Rc1 Bc4 28. Bc2 g6 29. Qb8 Rb5 30. Ba4 Rxb2+ 31. Kxb2 Qxa4 32. Rc3 Qc6 33. Rd1
b5 34. e4 dxe4 35. Rd8 Qc5 36. Qd6 Qxf2+ 37. Rc2 1-0

[Event "Mitropa Cup 14th"]
[Site "Brno"]
[Date "1991.??.??"]
[Round "1"]
[White "Wirthensohn, Heinz"]
[Black "Somlai, Laszlo"]
[Result "1/2-1/2"]
[WhiteElo "2445"]
[BlackElo "2375"]
[PlyCount "61"]
[EventDate "1991.10.??"]
[EventType "team-tourn"]
[EventRounds "7"]
[EventCountry "CZE"]
[Source "ChessBase"]
[SourceDate "1992.02.01"]

1. Nf3 d5 2. d4 Nf6 3. c4 c6 4. Qb3 dxc4 5. Qxc4 Bf5 6. g3 e6 7. Nc3 Nbd7 8.
Bg2 Be7 9. O-O O-O 10. a4 a5 11. Qb3 Qb6 12. Qxb6 Nxb6 13. Ne5 Bc2 14. Bd2 Nfd5
15. Rfc1 Nb4 16. Be4 Bxe4 17. Nxe4 Rfd8 18. e3 f6 19. Nc4 Nxc4 20. Rxc4 Kf7 21.
Nc5 Bxc5 22. Rxc5 b6 23. Rc4 c5 24. Bxb4 axb4 25. dxc5 bxc5 26. Rxc5 Rd2 27.
Rb1 Rxa4 28. Rc7+ Kg6 29. Rc4 h5 30. b3 Raa2 31. Rf1 1/2-1/2

[Event "Mitropa Cup 14th"]
[Site "Brno"]
[Date "1991.??.??"]
[Round "1"]
[White "Wittmann, Walter"]
[Black "Popovic, Petar"]
[Result "1/2-1/2"]
[WhiteElo "2370"]
[BlackElo "2550"]
[PlyCount "43"]
[EventDate "1991.10.??"]
[EventType "team-tourn"]
[EventRounds "7"]
[EventCountry "CZE"]
[Source "ChessBase"]
[SourceDate "1992.02.01"]

1. e4 c5 2. Nf3 d6 3. d4 cxd4 4. Nxd4 Nf6 5. Nc3 Nc6 6. Be3 e5 7. Nf3 Be7 8.
Bc4 O-O 9. O-O Na5 10. Bb3 b6 11. Bg5 Ba6 12. Re1 Rc8 13. Bxf6 Bxf6 14. Nd5 Bb7
15. Qd3 Rc5 16. Rad1 Nxb3 17. Qxb3 Bg5 18. Nxg5 Qxg5 19. f3 Bxd5 20. Rxd5 Rfc8
21. c3 Rxd5 22. Qxd5 1/2-1/2

[Event "Mitropa Cup 14th"]
[Site "Brno"]
[Date "1991.??.??"]
[Round "2"]
[White "Bellia, Fabrizio"]
[Black "Wittmann, Walter"]
[Result "1/2-1/2"]
[WhiteElo "2270"]
[BlackElo "2370"]
[PlyCount "86"]
[EventDate "1991.10.??"]
[EventType "team-tourn"]
[EventRounds "7"]
[EventCountry "CZE"]
[Source "ChessBase"]
[SourceDate "1992.02.01"]

1. e4 c5 2. Nf3 d6 3. d4 cxd4 4. Nxd4 Nf6 5. Nc3 Nc6 6. Be2 e5 7. Nf3 h6 8. O-O
Be7 9. Re1 O-O 10. h3 Be6 11. Bf1 Nb8 12. b3 Nbd7 13. Nd5 Nxd5 14. exd5 Bf5 15.
Ba3 Bh7 16. c4 e4 17. Nd4 Ne5 18. f4 exf3 19. Nxf3 Ng6 20. Qd2 Re8 21. Bb2 Qd7
22. Bd3 Bf8 23. Qc2 Rxe1+ 24. Rxe1 Re8 25. Rxe8 Qxe8 26. Bd4 b6 27. Bf2 Be7 28.
Nd4 Bf6 29. Nc6 Qd7 30. b4 Nf8 31. Bxh7+ Nxh7 32. Qa4 Qf5 33. Qxa7 Qb1+ 34. Kh2
Ng5 35. Qxb6 Ne4 36. Qe3 Bg5 37. Qe2 f5 38. b5 Qc1 39. b6 Nxf2 40. Qxf2 Be3 41.
Qxe3 Qxe3 42. b7 Qf4+ 43. Kh1 Qf1+ 1/2-1/2

[Event "Mitropa Cup 14th"]
[Site "Brno"]
[Date "1991.??.??"]
[Round "2"]
[White "Damljanovic, Branko"]
[Black "Costa, Jean Luc"]
[Result "0-1"]
[WhiteElo "2585"]
[BlackElo "2410"]
[Annotator "Horn,Pe"]
[PlyCount "102"]
[EventDate "1991.10.??"]
[EventType "team-tourn"]
[EventRounds "7"]
[EventCountry "CZE"]
[Source "ChessBase"]
[SourceDate "1992.02.01"]

1. Nf3 d5 2. g3 e6 3. Bg2 g6 4. O-O Bg7 5. d3 Ne7 6. Nbd2 c5 7. e4 Nbc6 8. Re1
O-O {üblich ist die Zurückstellung der Rochade} 9. c3 (9. e5 {die kritische
Fortsetzung}) 9... d4 $5 {N} (9... b6) (9... Qc7) 10. cxd4 (10. c4 $2 e5 $15)
10... Nxd4 11. Nxd4 Bxd4 (11... cxd4 $2 12. Nc4 $16) 12. e5 f6 13. Nf3 (13.
exf6 Bxf6 (13... Rxf6 14. Ne4) 14. Ne4 Bd4 $13) 13... fxe5 14. Nxd4 exd4 15.
Qc2 Qb6 16. Bh6 Re8 17. Rac1 Bd7 18. Qxc5 Qxc5 19. Rxc5 Rac8 20. Rec1 Rxc5 21.
Rxc5 Bc6 $1 22. Rc4 (22. Bf4 Bxg2 (22... Nd5 23. Bxd5 (23. Be5 Nb4 24. Bxc6
Nxc6 25. Bf4 e5 $10) 23... Bxd5 24. Be5 $14) 23. Kxg2 Nc6 {/\ e5=}) (22. Bxc6
Nxc6 23. a3 e5 24. f3) 22... e5 23. Be4 Kf7 24. f3 Bxe4 25. dxe4 Rc8 26. Rxc8
Nxc8 27. Kf2 Nd6 28. Ke2 Ke6 29. Kd3 Nf7 30. Bd2 Nd8 31. a4 Nc6 32. Kc4 Nb8 33.
b4 Nd7 34. f4 $2 (34. h3 $14) 34... Nf6 $19 35. Kd3 Ng4 36. fxe5 (36. h3 Nf2+
37. Ke2 Nxe4 $19) 36... Nxh2 37. b5 (37. Kxd4 Nf3+ 38. Ke3 Nxd2 39. Kxd2 Kxe5
40. Ke3 h5 $19) 37... Nf3 38. Bc1 h5 39. a5 a6 40. bxa6 bxa6 41. Bh6 Nxe5+ 42.
Kxd4 Nc6+ 43. Kc5 Nxa5 44. Bf4 Nb7+ 45. Kc6 Nd8+ 46. Kb6 Nf7 47. Kxa6 Nd6 48.
Kb6 Nxe4 49. Kc6 Kf5 50. Kd5 h4 51. Bc7 hxg3 0-1

[Event "Mitropa Cup 14th"]
[Site "Brno"]
[Date "1991.??.??"]
[Round "2"]
[White "Fogarasi, Tibor"]
[Black "Bischoff, Klaus"]
[Result "1/2-1/2"]
[WhiteElo "2420"]
[BlackElo "2510"]
[PlyCount "39"]
[EventDate "1991.10.??"]
[EventType "team-tourn"]
[EventRounds "7"]
[EventCountry "CZE"]
[Source "ChessBase"]
[SourceDate "1992.02.01"]

1. e4 c5 2. Nf3 e6 3. d4 cxd4 4. Nxd4 Nf6 5. Nc3 d6 6. g4 Nc6 7. g5 Nd7 8. h4
Be7 9. Be3 O-O 10. Qh5 a6 11. O-O-O Nxd4 12. Bxd4 b5 13. f4 b4 14. Ne2 e5 15.
fxe5 dxe5 16. Be3 Qa5 17. Kb1 Nc5 18. Qf3 Be6 19. Nc1 Rad8 20. Be2 1/2-1/2

[Event "Mitropa Cup 14th"]
[Site "Brno"]
[Date "1991.??.??"]
[Round "2"]
[White "Hoelzl, Franz"]
[Black "Rossi, Carlo"]
[Result "0-1"]
[WhiteElo "2385"]
[BlackElo "2325"]
[PlyCount "62"]
[EventDate "1991.10.??"]
[EventType "team-tourn"]
[EventRounds "7"]
[EventCountry "CZE"]
[Source "ChessBase"]
[SourceDate "1992.02.01"]

1. c4 Nc6 2. d4 e5 3. d5 Nce7 4. h4 Nf5 5. Nf3 e4 6. Nd4 Qf6 7. e3 Bc5 8. Nb5
Qe5 9. Bd2 c6 10. Bc3 Qb8 11. Nd4 Ngh6 12. Nxf5 Nxf5 13. Qg4 d6 14. Qxe4+ Kd8
15. Qd3 Re8 16. e4 b5 17. Be2 bxc4 18. Qxc4 Qb6 19. exf5 Ba6 20. Qa4 Bxf2+ 21.
Kd1 Bxe2+ 22. Kc2 Qe3 23. Rh3 Bd3+ 24. Kb3 Qe2 25. Ka3 Bc5+ 26. b4 Bb5 27. Qb3
Be3 28. Qb2 Qd1 29. Qb3 Bc1+ 30. Bb2 Bxb2+ 31. Kxb2 Re2+ 0-1

[Event "Mitropa Cup 14th"]
[Site "Brno"]
[Date "1991.??.??"]
[Round "2"]
[White "Hoffmann, Michael"]
[Black "Almasi, Istvan"]
[Result "1-0"]
[WhiteElo "2465"]
[BlackElo "2285"]
[PlyCount "85"]
[EventDate "1991.10.??"]
[EventType "team-tourn"]
[EventRounds "7"]
[EventCountry "CZE"]
[Source "ChessBase"]
[SourceDate "1992.02.01"]

1. d4 Nf6 2. c4 e6 3. Nf3 d5 4. Nc3 Be7 5. cxd5 exd5 6. Bg5 O-O 7. e3 c6 8. Qc2
Ne4 9. Bf4 Bf5 10. Bd3 Re8 11. O-O Bb4 12. a3 Bxc3 13. bxc3 Nd7 14. Ne5 f6 15.
Nxd7 Qxd7 16. c4 g5 17. Bg3 h5 18. h4 dxc4 19. Qxc4+ Be6 20. Qc2 Nxg3 21. fxg3
Rf8 22. Be2 f5 23. hxg5 Qg7 24. Rf4 Qxg5 25. Kf2 Rf6 26. Rh1 Bf7 27. Qd1 Rh6
28. Qb1 Rf6 29. Qd1 Rh6 30. Qb1 Rf6 31. Qxb7 Re8 32. Qd7 Rg6 33. Rh3 h4 34. g4
Rxe3 35. Qxf5 Qxf5 36. gxf5 Rxe2+ 37. Kxe2 Rxg2+ 38. Kd3 Ra2 39. Rfxh4 Rxa3+
40. Ke4 Ra5 41. Rh8+ Kg7 42. R3h7+ Kf6 43. Rf8 1-0

[Event "Mitropa Cup 14th"]
[Site "Brno"]
[Date "1991.??.??"]
[Round "2"]
[White "Kupper, Patrick"]
[Black "Djuric, Stefan"]
[Result "0-1"]
[WhiteElo "2255"]
[BlackElo "2535"]
[PlyCount "66"]
[EventDate "1991.10.??"]
[EventType "team-tourn"]
[EventRounds "7"]
[EventCountry "CZE"]
[Source "ChessBase"]
[SourceDate "1992.02.01"]

1. e4 e5 2. Bc4 c6 3. Nf3 d6 4. O-O Nf6 5. Re1 Be7 6. Bb3 O-O 7. d3 Bg4 8. Nbd2
Nfd7 9. c3 Nc5 10. h3 Nxb3 11. Qxb3 Bc8 12. d4 Qc7 13. Nf1 Be6 14. Qc2 a5 15.
a4 Nd7 16. Ng3 Rfe8 17. Be3 Nf6 18. Rad1 h6 19. Nd2 b5 20. b3 Rab8 21. Rb1 Bf8
22. f4 exf4 23. Bxf4 c5 24. d5 Bd7 25. axb5 Bxb5 26. Nf5 c4 27. b4 Bd7 28. Ne3
axb4 29. Rxb4 Rxb4 30. cxb4 c3 31. Rc1 Qa7 32. Ndc4 Bb5 33. Kh2 Rxe4 0-1

[Event "Mitropa Cup 14th"]
[Site "Brno"]
[Date "1991.??.??"]
[Round "2"]
[White "Luther, Thomas"]
[Black "Varga, Zoltan"]
[Result "1-0"]
[WhiteElo "2495"]
[BlackElo "2400"]
[Annotator "Blatny,P"]
[PlyCount "45"]
[EventDate "1991.10.??"]
[EventType "team-tourn"]
[EventRounds "7"]
[EventCountry "CZE"]
[Source "ChessBase"]
[SourceDate "1992.02.01"]

1. e4 c5 2. Nf3 e6 3. d4 cxd4 4. Nxd4 Nc6 5. Nc3 Qc7 6. Be2 a6 7. O-O Nf6 8.
Kh1 b5 9. Nxc6 dxc6 10. f4 b4 11. e5 bxc3 (11... Nd5 12. Ne4 $36) 12. exf6 gxf6
13. bxc3 c5 (13... Bc5 $5 {/\Ke7}) 14. Bf3 Rb8 15. Be3 Bd6 16. Qd3 {/\Rd1->}
O-O (16... Ke7 $5) 17. Rad1 Rb6 (17... Be7 18. f5 $40) 18. f5 $1 {/^c1-h6} exf5
$2 {גa2-g8} (18... Bxh2 $142 19. Bh6 Re8 (19... Qg3 20. Qd8 $3 $18) 20. Qe4
Kh8 $8 (20... Qg3 21. Qa4 Rb5 22. Bc6 $18) 21. Qh4 (21. Qg4 Rg8 22. Qh4 Be5 23.
Bf4 exf5 $17) 21... Be5 22. Be4 {/\Rd3-h3(g3!)->}) 19. Bh6 Re8 20. Bd5 Kh8 (
20... Be6 21. Rxf5 {/\Rh5+-}) 21. Rxf5 Bxf5 $2 (21... Be5 $8 22. Rh5 f5 {/\ f6
+/-}) 22. Qxf5 $18 Qe7 23. Be4 $1 (23. Be4 Qxe4 24. Qxf6+ {/\Qg7#}) 1-0

[Event "Mitropa Cup 14th"]
[Site "Brno"]
[Date "1991.??.??"]
[Round "2"]
[White "Marinelli, Tullio"]
[Black "Brestian, Egon"]
[Result "0-1"]
[WhiteElo "2365"]
[BlackElo "2475"]
[PlyCount "58"]
[EventDate "1991.10.??"]
[EventType "team-tourn"]
[EventRounds "7"]
[EventCountry "CZE"]
[Source "ChessBase"]
[SourceDate "1992.02.01"]

1. d4 c5 2. d5 e5 3. e4 d6 4. Nc3 Be7 5. Be2 Bg5 6. Bxg5 Qxg5 7. Nf3 Qe7 8. h4
Na6 9. h5 Nc7 10. Nh4 g5 11. Nf3 Bd7 12. Nd2 Nf6 13. a4 O-O 14. h6 Kh8 15. Nf1
a6 16. Qd2 Rg8 17. Ra3 Rg6 18. Bh5 Nxh5 19. Rxh5 Qf6 20. Na2 Qf4 21. Re3 b5 22.
Qa5 Rc8 23. axb5 axb5 24. Ng3 Qf6 25. Qb6 b4 26. c3 Qd8 27. Nc1 Rb8 28. Qa5 Ra8
29. Qb6 Qc8 0-1

[Event "Mitropa Cup 14th"]
[Site "Brno"]
[Date "1991.??.??"]
[Round "2"]
[White "Popovic, Petar"]
[Black "Wirthensohn, Heinz"]
[Result "1-0"]
[WhiteElo "2550"]
[BlackElo "2445"]
[PlyCount "77"]
[EventDate "1991.10.??"]
[EventType "team-tourn"]
[EventRounds "7"]
[EventCountry "CZE"]
[Source "ChessBase"]
[SourceDate "1992.02.01"]

1. e4 c5 2. Nf3 Nc6 3. d4 cxd4 4. Nxd4 Nf6 5. Nc3 d6 6. g3 g6 7. Bg2 Nxd4 8.
Qxd4 Bg7 9. Qb4 O-O 10. a4 Qc7 11. a5 Be6 12. e5 dxe5 13. Qxb7 Qxb7 14. Bxb7
Rab8 15. a6 Bc8 16. Bxc8 Rfxc8 17. O-O e6 18. Ra5 Nd7 19. Nb5 Rxc2 20. Nxa7 Bf8
21. Be3 Rcxb2 22. Nc6 Ra8 23. Rd1 Nb6 24. Nxe5 Nd5 25. Bd4 Rb3 26. Nd7 Bg7 27.
Bc5 Nc3 28. Rd6 Ne4 29. Nb6 Rxb6 30. Rxb6 Nxc5 31. a7 Nd7 32. Rb7 Bc3 33. Ra3
Bd4 34. Rxd7 e5 35. Kg2 Kg7 36. f4 Bc5 37. Ra5 Bb6 38. Ra6 Bd4 39. Kf3 1-0

[Event "Mitropa Cup 14th"]
[Site "Brno"]
[Date "1991.??.??"]
[Round "2"]
[White "Somlai, Laszlo"]
[Black "Schlosser, Philipp"]
[Result "1/2-1/2"]
[WhiteElo "2375"]
[BlackElo "2485"]
[PlyCount "82"]
[EventDate "1991.10.??"]
[EventType "team-tourn"]
[EventRounds "7"]
[EventCountry "CZE"]
[Source "ChessBase"]
[SourceDate "1992.02.01"]

1. e4 d6 2. d4 Nf6 3. Nc3 g6 4. Nf3 Bg7 5. Be2 O-O 6. O-O c6 7. h3 Nbd7 8. e5
Ne8 9. Bg5 dxe5 10. dxe5 Nc7 11. Bc4 Nxe5 12. Nxe5 Bxe5 13. Qxd8 Rxd8 14. Bxe7
Re8 15. Bg5 Ne6 16. Be3 Nd4 17. Bd3 Bf5 18. Bxf5 Nxf5 19. Bd2 Rad8 20. Rfd1 Nd6
21. Be1 Nc4 22. Rab1 Rxd1 23. Nxd1 Bf4 24. Nc3 b5 25. Kf1 a5 26. Ne2 Be5 27. c3
Rd8 28. Ng1 Bf6 29. Nf3 c5 30. Ke2 b4 31. cxb4 axb4 32. Rc1 Nxb2 33. Rxc5 Nd3
34. Rc4 Nxe1 35. Nxe1 Ra8 36. Rc2 Bc3 37. Nd3 f5 38. Nf4 Re8+ 39. Kf3 Rd8 40.
g3 Kf7 41. a3 Rd2 1/2-1/2

[Event "Mitropa Cup 14th"]
[Site "Brno"]
[Date "1991.??.??"]
[Round "2"]
[White "Weinzettl, Ernst"]
[Black "Fabiano, Giuseppe"]
[Result "0-1"]
[WhiteElo "2285"]
[BlackElo "2270"]
[PlyCount "104"]
[EventDate "1991.10.??"]
[EventType "team-tourn"]
[EventRounds "7"]
[EventCountry "CZE"]
[Source "ChessBase"]
[SourceDate "1992.02.01"]

1. e4 c5 2. Nc3 d6 3. f4 Nc6 4. Nf3 g6 5. Bc4 Bg7 6. d3 e6 7. f5 gxf5 8. exf5
d5 9. Bb5 Nge7 10. fxe6 Bxe6 11. O-O h6 12. Ne2 Qb6 13. Bxc6+ Nxc6 14. Nf4
O-O-O 15. Nh5 Bxb2 16. Bxb2 Qxb2 17. Qd2 Rhg8 18. Qf2 Qc3 19. Rab1 b6 20. Rfe1
Bg4 21. Ng3 Qf6 22. Ne5 Qxf2+ 23. Kxf2 Nxe5 24. Rxe5 Be6 25. Nh5 Rg5 26. Rbe1
Rdg8 27. Nf4 Rxe5 28. Rxe5 Rg5 29. Re1 Kd7 30. h4 Rf5 31. Kf3 Kd6 32. g4 Re5
33. Rg1 Bd7 34. c3 d4 35. cxd4 cxd4 36. g5 hxg5 37. hxg5 Bc6+ 38. Kg4 Ra5 39.
Kh5 f6 40. Nh3 fxg5 41. Nxg5 Rxa2 42. Nf7+ Kc5 43. Rc1+ Kd5 44. Re1 Bb5 45.
Re5+ Kc6 46. Nd8+ Kc7 47. Rxb5 Kxd8 48. Rd5+ Kc7 49. Rxd4 b5 50. Kg5 a5 51. Kf5
b4 52. Rc4+ Kd6 0-1

[Event "Mitropa Cup 14th"]
[Site "Brno"]
[Date "1991.??.??"]
[Round "3"]
[White "Almasi, Istvan"]
[Black "Velicka, Petr"]
[Result "0-1"]
[WhiteElo "2285"]
[BlackElo "2375"]
[PlyCount "138"]
[EventDate "1991.10.??"]
[EventType "team-tourn"]
[EventRounds "7"]
[EventCountry "CZE"]
[Source "ChessBase"]
[SourceDate "1992.02.01"]

1. e4 Nf6 2. Nc3 d5 3. exd5 Nxd5 4. Bc4 c6 5. Qf3 Nf6 6. Nge2 Bg4 7. Qg3 e6 8.
f3 Bd6 9. Qf2 Bf5 10. d3 Nbd7 11. Be3 a5 12. a4 Ne5 13. O-O-O Nxc4 14. dxc4 Qe7
15. g4 Bg6 16. h4 h5 17. g5 Nd7 18. Ng3 Bc7 19. c5 Nxc5 20. f4 b6 21. Qf3 O-O
22. Nxh5 b5 23. Rdg1 Nxa4 24. Nf6+ gxf6 25. gxf6 Qb4 26. Nxa4 Qxa4 27. f5 Qa1+
28. Kd2 Rad8+ 29. Ke2 Qxb2 30. fxg6 Qxc2+ 31. Ke1 Qb1+ 32. Kf2 Qc2+ 33. Ke1
fxg6 34. Rxg6+ Qxg6 35. Rg1 Rxf6 36. Rxg6+ Rxg6 37. Bg5 Rd5 38. Be7 Rf5 39.
Qxc6 Be5 40. Qe8+ Kh7 41. Bg5 a4 42. Ke2 a3 43. Qe7+ Rg7 44. Qxa3 Rc7 45. Qb3
Bd4 46. Bd2 Rcc5 47. Qd3 Rce5+ 48. Kd1 Rd5 49. Kc2 Bc3 50. Qe4 Bxd2 51. Qxe6
Bh6 52. Kb3 Bf8 53. Qe4 b4 54. h5 Rde5 55. Qd3 Kh6 56. Qg3 Kxh5 57. Qg8 Re3+
58. Kc4 Rf4+ 59. Kd5 b3 60. Kc6 Ref3 61. Qh8+ Bh6 62. Qe8+ Rf7 63. Qe2 Bg7 64.
Qh2+ Kg6 65. Kd5 b2 66. Qg2+ Kh7 67. Qh1+ Kg8 68. Kc4 Rc3+ 69. Kb5 b1=Q+ 0-1